|
|
|
|
| LEADER |
00000nab a2200000 a 4500 |
| 001 |
vtls008700257 |
| 003 |
SK-MaSNL |
| 005 |
20260304134033.0 |
| 008 |
250505c2006 xo br|p|||an |000 b|slo |
| 015 |
|
|
|a SNBRB2006/05
|
| 035 |
|
|
|a (sysno)vtls008700257
|
| 035 |
|
|
|a urn:nbn:sk:snk-ab77j1
|
| 035 |
|
|
|a (uuid)c3a28196-7f1b-4b93-803f-81563d5c78cc
|
| 035 |
|
|
|a (urnnbn)urn:nbn:sk:snk:ar-a073nq
|
| 038 |
|
|
|a SPK
|
| 040 |
|
|
|a SNKBUCL
|b slo
|c SNKBUCL
|e AACR2
|
| 041 |
0 |
|
|a slo
|b slo
|
| 044 |
|
|
|a xo
|c SK
|
| 080 |
|
|
|a 373.5
|2 1997
|
| 080 |
|
|
|a 372.879.6
|2 1997
|
| 100 |
1 |
|
|a Slezák, Ján
|4 aut
|9 306212
|
| 245 |
1 |
0 |
|a Aktivita žiakov na vyučovaní telesnej výchovy na stredných školách
|c Ján Slezák
|
| 300 |
|
|
|b Tab., obr.
|
| 504 |
|
|
|a Bibliogr. odkazy
|
| 546 |
|
|
|a Res. slov.
|
| 650 |
0 |
7 |
|a stredná škola
|2 spk
|9 642005
|
| 650 |
0 |
7 |
|a telesná výchova
|2 spk
|9 708
|
| 773 |
0 |
|
|t Pedagogické spektrum
|g Roč. XV, č. 1-2 (2006), s. 21-31
|x 1335-793X
|
| 850 |
|
|
|a Slovenská národná knižnica
|
| 852 |
|
|
|a Slovenská národná knižnica
|
| 954 |
|
|
|a odborná, vedecká literatúra pôvodná (slovenská)
|2 lita
|
| 958 |
|
|
|a article27
|
| 958 |
|
|
|a NB
|2 spk
|
| 958 |
|
|
|a OND
|
| 958 |
|
|
|a EUIPO
|
| 999 |
|
|
|c 2905039
|d 2906969
|